Matematika - rovinné útvary - obvod a obsah

Bibliographic Details
Main Author: Reiterová, Monika (Author)
Format: Book
Language:Slovak
PhysicalDescription:[2] s. ilustr. 15 x 21 cm
Published: Bratislava Ikar - Príroda 2016
ISBN:9788055150246
Subjects:

MARC

LEADER 00000nam a2200000 a 4500
001 vtls011588703
003 SK-MaSNL
005 20260301220937.0
008 240318s2016 xo a g p 000 0 slo
015 |a SNBA2017/10 
020 |a 9788055150246  |q (brož.) 
040 |a SNK  |b slo  |c SNK  |e AACR2 
041 0 |a slo 
044 |a xo  |c SK 
072 7 |a 514  |x Geometria  |2 konspekt 
072 7 |a 37.016  |x Učebné osnovy. Vyučovacie predmety. Učebnice  |2 konspekt 
080 |a 514.112  |2 2011 
080 |a (083.4)  |2 2011 
080 |a (072)  |2 2011 
100 1 |a Reiterová, Monika  |4 aut  |9 27866 
245 1 0 |a Matematika - rovinné útvary - obvod a obsah  |c Monika Reiterová 
246 3 0 |a Rovinné útvary - obvod a obsah 
260 |a Bratislava  |b Ikar - Príroda  |c 2016 
300 |a [2] s.  |b ilustr.  |c 15 x 21 cm 
650 0 7 |a planimetria  |2 SNKPH  |9 67308 
650 0 7 |a Plane geometry  |2 SNKPHeng  |9 412607 
655 7 |a tabuľky  |2 SNKPH  |9 70234 
655 7 |a učebné pomôcky  |2 SNKPH  |9 70567 
655 7 |a Tables  |2 SNKPHeng  |9 284428 
655 7 |a Teaching aids  |2 SNKPHeng  |9 315691 
919 |a 978-80-551-5024-6 
999 |c 933846  |d 935776 
952 |a SNK  |b SNK  |y PREZ  |7 0  |p 17A1217466  |o snkLSE 805  |i snk2016/25166  |8 0  |0 0  |1 0  |4 0  |d 2016-10-25  |l 0  |r 2026-02-24 08:56:26  |w 2026-02-24 
952 |a SNK  |b SNK  |y PREZ  |7 0  |p 17A1217467  |o snkLSE 805 D1  |i snk2016/25167  |8 0  |0 0  |1 0  |4 0  |d 2016-10-25  |l 0  |r 2026-02-24 08:56:26  |w 2026-02-24